000 00674cam a2200145 4500500
005 20260208005833.0
041 _afre
042 _adc
100 1 0 _aThiesse, Anne-Marie
_eauthor
245 0 0 _aDe l’écrit à l’écran. Littérature populaire : mutations génériques, mutations médiatiques. Sous la direction de JACQUES MIGOZZI. Presses universitaires de Limoges, 2000. Un vol. de 870 p.
260 _c2005.
500 _a95
786 0 _nRevue d'histoire littéraire de la France | 105 | 4 | 2005-10-01 | p. 1031s-1076s | 0035-2411
856 4 1 _uhttps://shs.cairn.info/revue-d-histoire-litteraire-de-la-france-2005-4-page-1031s?lang=fr&redirect-ssocas=7080
999 _c1654055
_d1654055